Statistiken für Sternbilder

Klicken Sie hier um das Quiz zu spielen!

Allgemein

  • Dieses Quiz wurde 114 mal gespielt
  • Das Durchschnittsergebnis liegt bei 29 aus 88

Antwortstatistiken

Sternbilder% Korrekt
Waage
91%
Fische
87%
Jungfrau
87%
Löwe
87%
Stier
87%
Schütze
81%
Skorpion
81%
Wassermann
80%
Zwillinge
80%
Großer Bär
77%
Widder
77%
Krebs
76%
Orion
76%
Steinbock
76%
Kleiner Bär
75%
Adler
55%
Kassiopeia
55%
Schlange
55%
Pegasus
51%
Schwan
51%
Drache
49%
Andromeda
48%
Kleiner Hund
44%
Großer Hund
43%
Herkules
43%
Leier
43%
Perseus
40%
Kreuz des Südens
35%
Wasserschlange
32%
Bärenhüter
29%
Dreieck
29%
Fuhrmann
29%
Fuchs
28%
Luchs
28%
Giraffe
27%
Schlangenträger
27%
Walfisch
27%
Kepheus
25%
Delfin
24%
Hase
24%
Nördliche Krone
24%
Pfeil
24%
Chemischer Ofen
23%
Kleiner Löwe
23%
Sextant
23%
Becher
21%
Einhorn
21%
Rabe
21%
Südliche Krone
21%
Schild
19%
Taube
19%
Zentaur
19%
Zirkel
19%
Eidechse
17%
Fliege
17%
Haar der Berenike
17%
Mikroskop
17%
Pfau
17%
Wolf
17%
Jagdhunde
16%
Luftpumpe
16%
Eridanus
15%
Netz
15%
Teleskop
15%
Chamäleon
13%
Indianer
13%
Kranich
13%
Maler
13%
Oktant
13%
Tukan
13%
Altar
12%
Füllen
12%
Segel des Schiffs
12%
Winkelmaß
12%
Achterdeck des Schiffes
11%
Bildhauer
11%
Paradiesvogel
11%
Südliches Dreieck
11%
Fliegender Fisch
9%
Kleine Wasserschlange
9%
Phoenix
9%
Schiffskompass
9%
Pendeluhr
8%
Schwertfisch
8%
Südlicher Fisch
8%
Grabstichel
7%
Kiel des Schiffes
7%
Tafelberg
7%

Verteilung der Resultate

Perzentil nach korrekt beantworteten Fragen

Anzahl Personen mit jedem Resultat

Ihre Resultats-Entwicklung

Sie haben dieses Quiz noch nicht gespielt